000 00318nam a2200133Ia 4500
005 20260328101517.0
008 260328s9999||||xx |||||||||||||| ||und||
100 _aBray, Albert
245 0 _aLe chateau de Fontainbleau /
_cAlbert Bray
260 _bVincent Freal
300 _a48 p.
650 _aHISTORIA
942 _cBK
999 _c9413
_d9413